Land vs. Land #123 - Statistiken

Allgemein
  • Dieses Quiz wurde 14 mal gespielt
  • Das Durchschnittsergebnis liegt bei 10 aus 14
Antwortstatistiken
Frage Antwort % Korrekt
...Bruttoinlandsprodukt? Luxemburg🇱🇺
100%
...HDI (Human Development Index)? Luxemburg🇱🇺
100%
...durchschnittlicher IQ? Luxemburg🇱🇺
100%
...Bruttoinlandsprodukt pro Kopf? Luxemburg🇱🇺
92%
...Gesundheitswesen? Luxemburg🇱🇺
92%
...Lebenserwartung? Luxemburg🇱🇺
92%
...Exportmengen? Luxemburg🇱🇺
92%
...Gewinner? Luxemburg🇱🇺
92%
...Tourismus? Malediven🇲🇻
77%
...Fläche? Luxemburg🇱🇺
62%
...Einwohner? Luxemburg🇱🇺
62%
...Militär? Malediven🇲🇻
23%
...Happy Planet Index? Malediven🇲🇻
23%
...Frieden? Malediven🇲🇻
15%
Keine übereinstimmenden Quizze gefunden
Verteilung der Resultate
Anzahl Personen mit jedem Resultat
Perzentil nach korrekt beantworteten Fragen
Ihre Resultats-Entwicklung
Sie haben dieses Quiz noch nicht gespielt